000 00401nam a2200121 a 4500
008 120416s9999 ||||||||||||||||| || u
050 _aTHESIS
100 _aBowa, Stanslous
245 1 0 _aPEP stores' marketing strategies in Zambia
260 _a2000
350 _a0.00
995 _D0.00
_FCBU-MAIN LIBRARY (Kitwe)
_H1
_I0.00
_UAVAILABLE
_ZUniversity Collection
999 _c53312
_d53312